Visual experience : sensation, cognition, and constancy /

Many of us have been fascinated by visual illusions at some point, and have asked ourselves why something can look like one thing when it is fact something else. This book brings together psychologists and philosophers to explore this aspect of vision.

Bibliographic Details
Corporate Author: ebrary, Inc
Other Authors: Hatfield, Gary C. (Gary Carl), Allred, Sarah
Format: eBook
Language:English
Published: Oxford : Oxford Univ. Press, [2012]
Edition:1st ed.
Subjects:
Online Access:Connect to the full text of this electronic book

MARC

Tag First Indicator Second Indicator Subfields
LEADER 00000cam a2200000Ia 4500
001 in00002787594
006 m o d
007 cr cnu---unuuu
008 121204s2012 enk ob 001 0 eng d
005 20250816204324.8
020 |z 9780199597277 
020 |z 0199597278 
020 |a 9780191629051 (electronic bk.) 
020 |a 0191629057 (electronic bk.) 
035 |a (OCoLC)ocn806347510 
035 |a (OCoLC)806347510 
040 |a N$T  |c N$T  |d CDX  |d YDXCP  |d E7B  |d DGU  |d VT2  |d OCLCO  |d VLB  |d CNCGM  |d OCLCQ  |d TXA  |d UtOrBLW 
049 |a TXAM 
050 4 |a BF241  |b .V57 2012eb 
072 7 |a PSY  |x 024000  |2 bisacsh 
082 0 4 |a 152.14  |2 23 
245 0 0 |a Visual experience :  |b sensation, cognition, and constancy /  |c edited by Gary Hatfield, Sarah Allred. 
250 |a 1st ed. 
264 1 |a Oxford :  |b Oxford Univ. Press,  |c [2012] 
264 4 |c ©2012 
300 |a 1 online resource (x, 253 pages, 8 pages of plates) :  |b color illustrations 
336 |a text  |b txt  |2 rdacontent 
337 |a computer  |b c  |2 rdamedia 
338 |a online resource  |b cr  |2 rdacarrier 
504 |a Includes bibliographical references and indexes. 
588 |a Description based on print version record. 
505 0 |a Introduction : visual experience / Gary Hatfield, Sarah Allred -- Part I: Cognitive and phenomenal factors in spatial perception. Judging the size of a distant object : strategy use by children and adults / Carl E. Granrud ; Phenomenal and cognitive factors in spatial perception / Gary Hatfield -- Sensory and cognitive explanations for a century of size constancy reseearch / Mark Wagner ; Constant enough : on the kinds of perceptual constancy worth having / Frank H. Durgin, Anna J. Ruff, and Robert C.. Russell -- Part 2: Historical and conceptual issues. Objective and subjective sides of perception / Alan Gilchrist ; A mechanistic perspective on the "given" / Donald I. A. MacLeod ; Spatial organization and the appearances thereof in early vision / Austen Clark ; Computation and the ambiguity of perception / Jonathan Cohen -- Part 3: Color constancy : memory, computation, and inference. High-level perceptual influences on color appearance / Maria Olkkonen, Thorsten Hansen, and Karl R. Gegenfurtner -- Constancy, content, and inference / David Hilbert ; Approaching color with Bayesian algorithms / Sarah Allred -- Epilogue : advances and open questions / Gary Hatfield and William Epstein. 
520 8 |a Many of us have been fascinated by visual illusions at some point, and have asked ourselves why something can look like one thing when it is fact something else. This book brings together psychologists and philosophers to explore this aspect of vision. 
500 |a Electronic resource. 
650 0 |a Visual perception. 
650 0 |a Constancy. 
650 7 |a PSYCHOLOGY / Physiological Psychology.  |2 bisacsh 
655 7 |a Electronic books.  |2 local 
700 1 |a Hatfield, Gary C.  |q (Gary Carl) 
700 1 |a Allred, Sarah. 
710 2 |a ebrary, Inc. 
776 0 8 |i Print version:  |t Visual Experience.  |d Oxford Univ Pr 2012  |z 9780199597277  |w (OCoLC)792885831 
856 4 0 |u https://ebookcentral.proquest.com/lib/tamucs/detail.action?docID=998964  |y Connect to the full text of this electronic book  |t 0 
948 |a cataloged  |b h  |c 2013/8/9  |d c  |e jlanham  |f 11:26:13 am 
994 |a C0  |b TXA 
999 f f |s 24ffaf55-2ff7-3d06-ac62-a000374da83a  |i 16a5295c-ca4e-34f8-9ae8-b496081e97a9  |t 0 
999 |a MARS 
952 f f |a Texas A&M University  |b College Station  |c Electronic Resources  |d Available Online  |t 0  |e BF241 .V57 2012eb  |h Library of Congress classification 
998 f f |a BF241 .V57 2012eb  |t 0  |l Available Online